Müdafaa-i Hukuk Ruhu Kuvayı Milliye Ateşi / (Kayıt no. 10005)
[ düz görünüm ]
| 000 -BAŞLIK | |
|---|---|
| Sabit Uzunluktaki Kontrol Alanı | 00575nam a22001937a 4500 |
| 003 - KONTROL NUMARASI KİMLİĞİ | |
| Kontrol Alanı | KOHA_MİRAKIL |
| 005 - EN SON İŞLEM TARİHİ ve ZAMANI | |
| Kontrol Alanı | 20260324114213.0 |
| 008 - SABİT UZUNLUKTAKİ VERİ ÖGELERİ - GENEL BİLGİ | |
| Sabit Alan | 260324b tu ||||| |||| 00| 0 tur d |
| 020 ## - ISBN - ULUSLARARASI STANDART KİTAP NUMARASI | |
| Isbn | 9756288183 |
| 040 ## - KATALOGLAMA KAYNAĞI | |
| Özgün Kataloglama Kurumu | TR-AnABB |
| Kataloglama Dili | tur |
| Çeviri Kurumu | TR-AnABB |
| 041 ## - DİL KODU | |
| Metin ya da ses kaydının dil kodu | tur |
| 082 ## - DEWEY ONU SINIFLAMA SİSTEMİ | |
| Sınıflama Numarası | 320.9 |
| Cutter numarası | ÖZD 2004 |
| 100 1# - KİŞİ ADI | |
| Yazar Adı (Kişi adı) | Özden, Yekta Güngör |
| 245 10 - ESER ADI BİLDİRİMİ | |
| Başlık | Müdafaa-i Hukuk Ruhu Kuvayı Milliye Ateşi / |
| Sorumluluk Bildirimi | Yekta Güngör Özden |
| 260 ## - YAYIN, DAĞITIM, VB. | |
| Yayın Yeri | İstanbul : |
| Yayınevi | İleri Yayınları, |
| Yayın Tarihi | 2004 |
| 300 ## - FİZİKSEL TANIMLAMA | |
| Sayfa, Cilt vb. | 484 sayfa : |
| Boyutları | 20 cm |
| 650 04 - KONU BAŞLIĞI EK GİRİŞ - KONU TERİMİ | |
| Konusal terim veya coğrafi ad | Siyasi tarih, Türkiye |
| 942 ## - EK GİRİŞ ÖGELERİ (KOHA) | |
| Sınıflama Kaynağı | Dewey Decimal Classification |
| Materyal Türü | Kitap |
| 900 ## - YEREL BİLGİ | |
| Kontrol | Cem ÖZOGLU |
| Geri Çekilme Durumu | Kayıp Durumu | Sınıflandırma Kaynağı | Kredi için değil | Kalıcı Konum | Mevcut Konum | Kayıt Tarih | Toplam Ödünçverme | Yer Numarası | Demirbaş Numarası | Son Görülme Tarihi | Fatura Tarihi | Materyal Türü |
|---|---|---|---|---|---|---|---|---|---|---|---|---|
| Dewey Decimal Classification | Prof. Dr. Ruşen Keleş Kütüphanesi | Prof. Dr. Ruşen Keleş Kütüphanesi | 24/03/2026 | 320.9 ÖZD 2004 | RK1018 | 24/03/2026 | 24/03/2026 | Kitap |
